zpět

Detail výsledku týmu

The Pub Praha 2 PO, Praha

Datum a čas kvízu

27 Celkem bodů Celkový počet nahraných bodů na tomto kvízu bez doplňovacích otázek.
9. Pořadí na kvízu Konečné umístění týmu na tomto kvízu.

Zaznamenané odpovědi

# Otázka Odpověď Body Výsledky
1. Minulý týden se v Praze konal... Globsec 1
2. Malému chlapci se při návštěvě... Haifa 1
3. Která zahraniční kapela minulý... Oasis 1
4. 62letý muž čelí trestnímu ozná... A) ve vlaku nefungovaly toalety 0
5. Fotbalisté Sparty Praha se po... Lukáš Haraslín 1
6. Téma začneme stavbou, které mn... Václav Aulický 0
7. Žebříčků hodnotících nejoškliv... jako hotel 1
8. Pravděpodobně druhá největší a... Palác Parlamentu, Bukurešť 0
9. I Slovensko má svého zástupce... Martina Šimkovičová 1
10. V této londýnské budově sídlí... SIS 0